000 00521nam a2200217Ia 4500
003 OSt
005 20220928141552.0
006 a|||||r|||| 00| 0
007 ta
008 220927b |||||||| |||| 00| 0 eng d
024 _a16032
037 _cTextual
040 _aSDCL
_cSDCL
_beng
041 _2eng
_aeng
082 _aP:795, N6
100 _aSimon Sherry
_9500954
245 0 _aGender in translation.
260 _c1996
942 _hP:795, N6
_cTEXL
_2CC
999 _c818386
_d818386